000 00847nam a22002537a 4500
003 OSt
005 20240911140144.0
008 240802b |||||||| |||| 00| 0 eng d
020 _a0433000325 (hardcover)
040 _aNUST
_beng
_cNUST
_dNUST
_erda
050 _aQP303 PAL
100 _aNigel Palestinian
_eAuthor
245 _aAnatomy and human movement :
_bstructure and function /
_cPalastanga, Nigel
260 _aOxford :
_bHeinemann Medical Books,
_c1989.
300 _a891 pages :
_bIllustrations ;
_c28 cm.
336 _2rdamedia
_atext
_btxt
337 _2rdamedia
_aunmediated
_bn
338 _2rdamedia
_avolume
_bnc
504 _aIncludes bibliographical references and index.
650 _vAnatomy.
700 _aField, Derek
_eAuthor
700 _aSoames, Roger
_eAuthor
942 _2lcc
_cBOOKS
_hQP303 PAL
_kQP
_mPAL
_n0
999 _c170944
_d170944